[Event "Ch SibFO (seniors)"]
[Site "masterchessopen.com Prokopevsk (Russia)"]
[Date "2012.03.17"]
[Round "6"]
[White "Kuteneva Galina (RUS)"]
[Black "Emeljashin Jury (RUS)"]
[Result "0-1"]
[WhiteElo "1926"]
[BlackElo "2129"]

1.e4 c5 2.Nf3 d6 3.d4 cxd4 4.Nxd4 Nf6 5.Nc3 a6 6.Be2 e6 7.O-O Qc7 8.Be3 b5
9.a3 Bb7 10.f3 Nbd7 11.Qe1 Rc8 12.Rd1 Nb6 13.Qf2 Nc4 14.Bxc4 Qxc4 15.Nb3 Qc7
16.Bb6 Qb8 17.Ba7 Qc7 18.Bb6 Qe7 19.Rfe1 Nd7 20.Be3 Ne5 21.Bd4 Nc4 22.Nd5 Bxd5
23.exd5 e5 24.f4 f6 25.fxe5 fxe5 26.Nd2 Qf7 27.Qe2 Be7 28.Nxc4 Rxc4 29.Bxe5
dxe5 30.Qxe5 O-O 31.Qxe7 Qf2+ 32.Kh1 Rxc2 33.Qe6+ Kh8 34.Qh3 Rd2 35.Rg1 Rxd1
{#R} 0-1

[Event "It \"]
[Site "masterchessopen.com Bogota (Colombia)"]
[Date "2012.04.06"]
[Round "6"]
[White "Camargo Santiago (COL)"]
[Black "Nunez Daniel (COL)"]
[Result "1-0"]
[WhiteElo "1986"]
[BlackElo "2220"]

1.e4 c5 2.Nf3 d6 3.d4 cxd4 4.Nxd4 Nf6 5.Nc3 a6 6.Be2 e6 7.O-O Qc7 8.Be3 Be7
9.Qd2 Nc6 10.a4 O-O 11.Kh1 Bd7 12.f4 Nxd4 13.Bxd4 Bc6 14.Bf3 b6 15.Rad1 Rfd8
16.Qe3 Nd7 17.Qe2 {#r} 1-0

[Event "Ch Catalunia (team)"]
[Site "masterchessopen.com Catalunya (Spain)"]
[Date "2012.04.14"]
[Round "10"]
[White "Perez Orelvis (ESP)"]
[Black "Alonso Rene (CUB)"]
[Result "1-0"]
[WhiteElo "2482"]
[BlackElo "2360"]

1.e4 c5 2.Nf3 d6 3.d4 cxd4 4.Nxd4 Nf6 5.Nc3 a6 6.Be2 e6 7.O-O Qc7 8.a4 b6 9.f4
Bb7 10.Bf3 Nbd7 11.Kh1 Rc8 12.Qe1 Ba8 13.Bd2 Be7 14.Qg3 g6 15.Rae1 e5 16.Nb3
O-O 17.f5 b5 18.axb5 axb5 19.Bh6 Rfe8 20.Rf2 b4 21.Nd5 Bxd5 22.exd5 Bf8
23.Bxf8 Rxf8 24.Ref1 Kh8 25.fxg6 fxg6 26.Qh3 Rce8 27.Be2 Qb6 28.Qh6 Qd8 29.h3
Nxd5 30.Rf7 Rxf7 31.Rxf7 {#r} 1-0

[Event "Ch Georgia"]
[Site "masterchessopen.com Tbilisi (Georgia)"]
[Date "2012.05.14"]
[Round "2"]
[White "Quparadze Giga (GEO)"]
[Black "Pantsulaia Levan (GEO)"]
[Result "1-0"]
[WhiteElo "2451"]
[BlackElo "2595"]

1.e4 c5 2.Nf3 e6 3.d4 cxd4 4.Nxd4 a6 5.Be2 Nf6 6.Nc3 Qc7 7.O-O d6 8.f4 Nbd7
9.a4 g6 10.f5 exf5 11.exf5 Bg7 12.g4 Qc5 13.g5 Ng4 14.f6 Ndxf6 15.gxf6 Bxf6
16.Rxf6 Nxf6 17.Bh6 Rg8 18.Qd2 Bf5 19.Bg5 Nd7 20.Bf3 Ne5 21.Bg2 h6 22.Bf6 Ng4
23.Re1+ Kf8 24.Be7+ Kg7 25.Bxd6 Qa7 26.Nd5 Rad8 27.Bc7 Rxd5 28.Bxd5 Qc5 29.Qc3
Qxd5 30.Nxf5+ Kh7 31.Ne7 Qg5 32.Nxg8 {#r} 1-0

[Event "It (open)"]
[Site "masterchessopen.com Philadelphia (USA)"]
[Date "2012.07.01"]
[Round "5"]
[White "Nikhil Shyam"]
[Black "Jayakumar Adarsh (USA)"]
[Result "1-0"]
[WhiteElo "2502"]
[BlackElo "2300"]

1.e4 c5 2.Nf3 d6 3.d4 cxd4 4.Nxd4 Nf6 5.Nc3 a6 6.Be2 e6 7.O-O Qc7 8.a4 Be7
9.f4 Nc6 10.Kh1 O-O 11.Be3 Re8 12.Bf3 Na5 13.Qe1 Nc4 14.Bc1 e5 15.Nde2 Bd7
16.b3 Na5 17.g4 Bxg4 18.Bxg4 Nxg4 19.Rg1 Nf6 20.f5 Nc6 21.Bg5 Nb4 22.Qh4 Qd8
23.Rg3 d5 24.Rag1 d4 25.Bxf6 Bxf6 26.Rxg7+ Bxg7 27.Qh6 Kf8 28.Rxg7 Ke7 29.Qe6+
{#r} 1-0

[Event "Cup V.Dvorkovich (juniors) (team)"]
[Site "masterchessopen.com Moscow (Russia)"]
[Date "2012.07.02"]
[Round "4"]
[White "Alekseenko Kirill (RUS)"]
[Black "Mirzoev Emil (UKR)"]
[Result "1-0"]
[WhiteElo "2450"]
[BlackElo "2244"]

1.e4 c5 2.Nf3 e6 3.d4 cxd4 4.Nxd4 a6 5.Nc3 Qc7 6.Be2 Nf6 7.O-O d6 8.f4 Nbd7
9.Bf3 Be7 10.g4 Nb6 11.g5 Nfd7 12.a4 Nc4 13.Bg4 Qb6 14.Kh1 Nxb2 15.Bxb2 Qxb2
16.Rf3 Qb4 17.Bxe6 fxe6 18.Nxe6 Qc4 19.Nxg7+ Kf8 20.Nf5 Nc5 21.Nxe7 Kxe7
22.Nd5+ Kf7 23.Re3 h5 24.Nb6 Qe6 25.Nxa8 Nxe4 26.Qd4 d5 27.Nc7 Qg4 28.Qxd5+
{#r} 1-0

[Event "Ch Central Serbia (open)"]
[Site "masterchessopen.com Paracin (Serbia)"]
[Date "2012.07.10"]
[Round "5"]
[White "Vovk Yuri (UKR)"]
[Black "Nestorovic Dejan (SRB)"]
[Result "1-0"]
[WhiteElo "2584"]
[BlackElo "2404"]

1.e4 c5 2.Nf3 e6 3.Nc3 a6 4.d4 cxd4 5.Nxd4 Qc7 6.Be2 Nf6 7.O-O d6 8.f4 Be7
9.Be3 O-O 10.g4 d5 11.e5 Ne4 12.Nxe4 dxe4 13.c3 b5 14.a4 bxa4 15.Qxa4 Bb7
16.Qc4 Qxc4 17.Bxc4 Rc8 18.Ra4 Nc6 19.Nxc6 Rxc6 20.Rfa1 g5 21.fxg5 Bd8 22.Kf2
Bb6 23.Be2 Rd8 24.Rb4 Bxe3+ 25.Kxe3 Rd7 26.Rd1 Rdc7 27.Rd6 Rc5 28.Bxa6 Bxa6
29.Rxa6 Rxe5 30.h4 h6 31.gxh6 f5 32.Kf4 {#r} 1-0

[Event "Ch Paris (open)"]
[Site "masterchessopen.com Paris (France)"]
[Date "2012.07.13"]
[Round "7"]
[White "Sochacki Christophe (FRA)"]
[Black "Shchekachev Andrei (FRA)"]
[Result "0-1"]
[WhiteElo "2406"]
[BlackElo "2528"]

1.e4 c5 2.Nc3 e6 3.Nge2 a6 4.d4 cxd4 5.Nxd4 Qc7 6.Be2 Nf6 7.O-O d6 8.f4 Be7
9.Be3 Nc6 10.Bf3 O-O 11.Kh1 Bd7 12.a4 Nxd4 13.Qxd4 Bc6 14.f5 exf5 15.exf5 Rfe8
16.Rad1 Rac8 17.Bf4 Qa5 18.Bg5 h6 19.Bh4 Qe5 20.Bxc6 Qxd4 21.Rxd4 bxc6 22.Bxf6
Bxf6 23.Rxd6 Bxc3 24.bxc3 Re2 25.h3 Rxc2 26.Rf3 a5 27.Re3 Rf2 28.Re5 Rb8
29.Rd3 h5 30.Rxa5 Rbb2 31.Rg3 Rb1+ 32.Kh2 Rff1 33.Rg5 g6 34.fxg6 h4 35.gxf7+
Kf8 {#R} 0-1

[Event "It (open)"]
[Site "masterchessopen.com Rockville (USA)"]
[Date "2012.07.29"]
[Round "3"]
[White "Azarov Sergei (BLR)"]
[Black "Barnett Alexander (USA)"]
[Result "1-0"]
[WhiteElo "2658"]
[BlackElo "2243"]

1.e4 c5 2.Nf3 e6 3.d4 cxd4 4.Nxd4 a6 5.Be2 Nf6 6.Nc3 d6 7.O-O Qc7 8.f4 Be7
9.Kh1 b5 10.e5 dxe5 11.fxe5 Nfd7 12.Bf3 Bb7 13.Bxb7 Qxb7 14.Qg4 Nc6 15.Nf3
O-O-O 16.Bf4 g5 17.Bxg5 Ndxe5 18.Nxe5 Nxe5 19.Qe2 Bxg5 20.Qxe5 Rhg8 21.Ne4 Rd5
22.Qc3+ Kb8 23.Qg3+ Ka8 24.Nf6 {#r} 1-0

[Event "It \"]
[Site "masterchessopen.com Vancouver (USA)"]
[Date "2012.08.10"]
[Round "6"]
[White "Ng Andrew (USA)"]
[Black "Ramirez Alejandro (USA)"]
[Result "0-1"]
[WhiteElo "2195"]
[BlackElo "2576"]

1.e4 c5 2.Nf3 e6 3.d4 cxd4 4.Nxd4 a6 5.Nc3 Qc7 6.Be2 Nf6 7.O-O d6 8.f4 Be7
9.a4 O-O 10.a5 Nc6 11.Nb3 b5 12.axb6 Qxb6+ 13.Kh1 Rd8 14.Bf3 Rb8 15.Qe2 Qc7
16.Be3 Nb4 17.g4 d5 18.e5 Ne4 19.Bd4 Nc6 20.Bg1 Nxc3 21.bxc3 a5 22.g5 Ra8
23.Qe3 a4 24.Nc5 a3 25.Qf2 Ra5 26.Nb3 Ra4 27.Qe3 Bb7 28.Rfd1 Rc8 29.Qd2 d4
30.cxd4 Nxe5 31.Bg2 Ng6 {#R} 0-1

[Event "It (open)"]
[Site "masterchessopen.com Vienna (Austria)"]
[Date "2012.08.13"]
[Round "1"]
[White "Lucaci Marius (ROM)"]
[Black "Guliyev Namig (AZE)"]
[Result "0-1"]
[WhiteElo "2089"]
[BlackElo "2539"]

1.e4 c5 2.Nf3 d6 3.d4 cxd4 4.Nxd4 Nf6 5.Nc3 a6 6.Be2 e6 7.O-O Qc7 8.Be3 b5
9.a3 Bb7 10.Bf3 Nbd7 11.Qe2 Ne5 12.Rad1 Be7 13.Bc1 O-O 14.Rfe1 Rac8 15.Nb3
Rfe8 16.Rd4 d5 17.Bf4 Nxf3+ 18.Qxf3 e5 19.Bg3 dxe4 20.Qf5 Bxa3 21.bxa3 Qxc3
22.Rd2 Bd5 23.Rde2 Be6 24.Qxe5 Qxe5 25.Bxe5 Bxb3 26.Bxf6 Bc4 27.Bd4 Bxe2
28.Rxe2 Red8 29.Rd2 Rc4 30.c3 Rdxd4 31.Rxd4 Rxd4 32.cxd4 f5 {#R} 0-1

[Event "It (open)"]
[Site "masterchessopen.com Bratto (Italy)"]
[Date "2012.08.18"]
[Round "1"]
[White "Casadei Mauro (ITA)"]
[Black "Arun Prasad S (IND)"]
[Result "0-1"]
[WhiteElo "2165"]
[BlackElo "2518"]

1.e4 c5 2.Nf3 d6 3.d4 cxd4 4.Nxd4 Nf6 5.Nc3 a6 6.Be2 e6 7.O-O Qc7 8.Be3 b5
9.f4 Bb7 10.Bf3 Nbd7 11.a3 Be7 12.Nb3 O-O 13.Qe1 Rfe8 14.Qf2 Rac8 15.Rad1 Bf8
16.Rd2 Qb8 17.Rfd1 Rxc3 18.bxc3 Nxe4 19.Bxe4 Bxe4 20.Rd4 Nf6 21.Qd2 Be7 22.Qe2
Bg6 23.Nd2 e5 24.Rb4 Bh5 {#R} 0-1

[Event "It (open)"]
[Site "masterchessopen.com Vienna (Austria)"]
[Date "2012.08.19"]
[Round "7"]
[White "Gruber Michael (AUT)"]
[Black "Guliyev Namig (AZE)"]
[Result "0-1"]
[WhiteElo "2155"]
[BlackElo "2539"]

1.e4 c5 2.Nf3 d6 3.d4 cxd4 4.Nxd4 Nf6 5.Nc3 a6 6.Be2 e6 7.O-O Qc7 8.Be3 b5
9.a3 Bb7 10.f3 Be7 11.g4 h6 12.Qd2 Nbd7 13.Rad1 Ne5 14.Ndxb5 axb5 15.Nxb5 Qb8
16.Nxd6+ Bxd6 17.Qxd6 Qxd6 18.Rxd6 O-O 19.Bf4 Ng6 20.Be3 Rfc8 21.c4 Ba6 22.b3
Ne8 23.Rb6 e5 24.Rd1 Rc7 25.Bf1 Nf8 26.g5 Nd7 27.Rb4 hxg5 28.Bh3 Bc8 29.Bxg5
Rxa3 30.Bd8 Rca7 31.c5 Ra1 32.Rxa1 Rxa1+ 33.Kf2 Nxc5 {#R} 0-1

[Event "It (cat.10)"]
[Site "masterchessopen.com Haarlem (Netherlands)"]
[Date "2012.08.26"]
[Round "2"]
[White "Burg Twan (NED)"]
[Black "Nijboer Friso (NED)"]
[Result "1-0"]
[WhiteElo "2470"]
[BlackElo "2535"]

1.e4 c5 2.Nf3 e6 3.d4 cxd4 4.Nxd4 a6 5.Be2 Nf6 6.Nc3 d6 7.O-O Qc7 8.a4 b6 9.f4
Bb7 10.Bf3 Nbd7 11.Qe2 e5 12.Nf5 g6 13.fxe5 dxe5 14.Nh6 Be7 15.Kh1 Rf8 16.Bg5
Nc5 17.Bxf6 Bxf6 18.Ng4 Bg5 19.Nd5 Bxd5 20.exd5 O-O-O 21.b4 e4 22.bxc5 exf3
23.Qxa6+ Qb7 24.Qxb7+ Kxb7 25.c6+ Kc7 26.c4 f5 27.Ne5 fxg2+ 28.Kxg2 Bf6
29.Rae1 Bh4 30.Rb1 Rfe8 31.Nd7 Re2+ 32.Kh1 Bf2 33.a5 bxa5 34.Rxf2 {#r} 1-0

[Event "Olympiad"]
[Site "masterchessopen.com Istanbul (Turkey)"]
[Date "2012.08.29"]
[Round "2"]
[White "Borisek Jure (SLO)"]
[Black "Jodorcovsky Paulo (PAR)"]
[Result "1-0"]
[WhiteElo "2554"]
[BlackElo "2174"]

1.e4 c5 2.Nf3 e6 3.d4 cxd4 4.Nxd4 a6 5.Be2 Qc7 6.O-O Nf6 7.Nc3 d6 8.f4 Be7
9.a4 Nc6 10.Be3 O-O 11.Bf3 Rb8 12.Kh1 Re8 13.Qe1 Bd7 14.Nb3 b5 15.a5 Nb4
16.Bb6 Qc8 17.Qd2 Bc6 18.Rae1 d5 19.e5 Ne4 20.Bxe4 dxe4 21.Qf2 Nd5 22.Ba7 e3
23.Bxe3 Nxe3 24.Rxe3 Qb7 25.Rfe1 Red8 26.Ne4 Qc7 27.h3 Rbc8 28.c3 Bd5 29.Nd4
Kh8 30.f5 Bxe4 31.Rxe4 exf5 32.Qxf5 Bf8 {#r} 1-0

[Event "Ch Romania (team) (juniors) (under 12) (g)"]
[Site "masterchessopen.com Mamaia (Romania)"]
[Date "2012.09.05"]
[Round "4"]
[White "Marica Ruxandra-Ioana"]
[Black "Nastase Andreea-Cristina"]
[Result "0-1"]
[WhiteElo "1521"]
[BlackElo "1670"]

1.e4 c5 2.Nf3 d6 3.d4 cxd4 4.Nxd4 Nf6 5.Nc3 a6 6.Be2 e6 7.O-O Qc7 8.Be3 b5
9.Bf3 Bb7 10.a4 b4 11.Na2 Bxe4 12.Bxe4 Nxe4 13.Nxb4 d5 14.Nd3 Bd6 15.Nf3 Nd7
16.h3 O-O 17.Nd2 Ndf6 18.Rc1 Nc5 19.Nxc5 Bxc5 20.Bxc5 Qxc5 21.Nb3 Qc4 22.Qd4
Rfc8 23.Rfd1 Rab8 24.a5 Qxd4 25.Rxd4 Rxb3 {#R} 0-1

[Event "It (open)"]
[Site "masterchessopen.com Bogota (Colombia)"]
[Round "3"]
[White "Prado Leonardo (COL)"]
[Black "Acuna Camilo (COL)"]
[Result "0-1"]
[WhiteElo "1900"]
[BlackElo "2078"]

1.e4 c5 2.Nf3 d6 3.d4 cxd4 4.Nxd4 Nf6 5.Nc3 a6 6.Be2 e6 7.O-O Qc7 8.f4 Nbd7
9.Kh1 b5 10.a3 Bb7 11.Bf3 Be7 12.Qe1 O-O 13.Bd2 Rac8 14.Qg3 Rcd8 15.Rae1 Kh8
16.e5 Ne8 17.Bxb7 Qxb7 18.Nf3 Nb6 19.Ng5 {#R} 0-1